El colapsio / (Record no. 198019)
[ view plain ]
| 000 -LEADER | |
|---|---|
| campo de control de longitud fija | 01359cam a2200397 i 4500 |
| 001 - NÚMERO DE CONTROL | |
| campo de control | 198019 |
| 003 - IDENTIFICADOR DE NÚMERO DE CONTROL | |
| campo de control | ES-MaACL |
| 005 - FECHA Y HORA DE LA ÚLTIMA TRANSACCIÓN | |
| campo de control | 20260219063012.0 |
| 007 - CAMPO FIJO DE DESCRIPCIÓN FÍSICA--INFORMACIÓN GENERAL | |
| campo de control de longitud fija | ta |
| 008 - DATOS DE LONGITUD FIJA--INFORMACIÓN GENERAL | |
| campo de control de longitud fija | 251217s2010 sp | |||| 001 1 spa |
| 017 ## - NÚMERO DE COPYRIGHT O DE DEPÓSITO LEGAL | |
| Número de copyright o de depósito legal | B 611-2010 |
| Agencia que asigna | Oficina Depósito Legal Barcelona |
| 020 ## - NÚMERO INTERNACIONAL ESTÁNDAR DEL LIBRO | |
| Número Internacional Estándar del Libro | 978-84-9800-535-6 |
| 040 ## - FUENTE DE CATALOGACIÓN | |
| Centro catalogador/agencia de origen | ES-MaACL |
| Lengua de catalogación | spa |
| Centro/agencia transcriptor | ES-MaACL |
| Normas de descripción | rda |
| 080 ## - NÚMERO DE LA CLASIFICACIÓN DECIMAL UNIVERSAL | |
| Número de la Clasificación Decimal Universal | 821.111-31"19" |
| 100 1# - ENTRADA PRINCIPAL--NOMBRE DE PERSONA | |
| Nombre de persona | McCarthy, Wil |
| 9 (RLIN) | 242647 |
| Relación | aut |
| Término indicativo de función/relación | Autor |
| 240 14 - TÍTULO UNIFORME | |
| Título uniforme | The collapsium. |
| Lenguaje de la obra | Español |
| 9 (RLIN) | 242813 |
| 245 13 - MENCIÓN DEL TÍTULO | |
| Título | El colapsio / |
| Mención de responsabilidad, etc. | Wil McCarthy ; traducción, David Cruz Acevedo |
| 250 ## - MENCION DE EDICION | |
| Mención de edición | Primera Edición |
| 264 #1 - PRODUCCIÓN, PUBLICACIÓN, DISTRIBUCIÓN, FABRICACIÓN Y COPYRIGHT | |
| Producción, publicación, distribución, fabricación y copyright | Arganda del Rey, Madrid : |
| Nombre del de productor, editor, distribuidor, fabricante | La Factoría de Ideas, |
| Fecha de producción, publicación, distribución, fabricación o copyright | 2010 |
| 264 #4 - PRODUCCIÓN, PUBLICACIÓN, DISTRIBUCIÓN, FABRICACIÓN Y COPYRIGHT | |
| Producción, publicación, distribución, fabricación y copyright | ©2010 |
| 300 ## - DESCRIPCIÓN FÍSICA | |
| Extensión | 342 páginas ; |
| Dimensiones | 23 cm |
| 336 ## - TIPO DE CONTENIDO | |
| Fuente | rdacontent |
| Término de tipo de contenido | Texto |
| 337 ## - TIPO DE MEDIO | |
| Fuente | rdamedia |
| Nombre/término del tipo de medio | sin mediación |
| 338 ## - TIPO DE SOPORTE | |
| Fuente | rdacarrier |
| Nombre/término del tipo de soporte | volumen |
| 490 0# - MENCIÓN DE SERIE | |
| Mención de serie | Solaris ficción ; |
| Designación de volumen o secuencia | 134 |
| 500 ## - NOTA GENERAL | |
| Nota general | Índice |
| 655 #4 - TERMINO DE INDIZACIÓN--GENERO/FORMA | |
| 9 (RLIN) | 237727 |
| Datos o término principal de género/forma | Novelas de ciencia ficción |
| 700 ## - ENTRADA AGREGADA--NOMBRE PERSONAL | |
| Relación | trl |
| 9 (RLIN) | 242814 |
| Nombre de persona | Cruz Acevedo, David |
| Término indicativo de función/relación | Traductor |
| 852 ## - LOCALIZACIÓN | |
| Ubicación | ES-MaACL |
| Ubicación en estantería | Depósito 1 |
| Número de control de estantería | A-15944 |
| Donativo/Legado | Donación: José Lázaro García |
| Encuadernación | Encuadernación rústica con solapas |
| itemnumber | 207076 |
| 942 ## - ELEMENTOS DE ENTRADA SECUNDARIOS (KOHA) | |
| Tipo de ítem Koha | Libro impreso |
| Suprimir en OPAC | No |
| 956 ## - LOCALIZACIÓN Y ACCESO ELECTRÓNICOS LOCAL (OCLC) | |
| Nombre del host | 2 |
| Estatus retirado | Estado de pérdida | Fuente del sistema de clasificación o colocación | Estado de daño | No para préstamo | Biblioteca de origen | Biblioteca actual | Ubicación en estantería | Fecha de adquisición | Fuente de adquisición | Total de préstamos | Signatura topográfica completa | Código de barras | Visto por última vez | Precio de reemplazo | Tipo de ítem Koha |
|---|---|---|---|---|---|---|---|---|---|---|---|---|---|---|---|
| Clasificación decimal universal | Biblioteca del Ateneo de Madrid | Biblioteca del Ateneo de Madrid | Depósito 1 | 17/12/2025 | Donación | A-15944 | 2026-0069 | 17/02/2026 | 17/02/2026 | Libro impreso |
